000 00747cam a2200277 4500
001 J91427
008 090401t1998 xxu||||| |||| 00| 0 eng d
035 _a(Sirsi) u85905
041 _aeng
050 _a333.337
110 _aJones Lang Wootton
_92909
245 _aProperty confidence review : London / South East. - March 1998 - November 1998
260 _aLondon
_bJones Lang Wootton
_c1998
300 _a2 pt. ; 30cm.
350 _a0
650 _aBUSINESS CONFIDENCE
650 _aLONDON
650 _aOCCUPIERS REQUIREMENTS
650 _aOFFICE DEMAND
650 _aOFFICES
650 _aPROPERTY CONFIDENCE REVIEW
650 _aSOUTH EAST
690 _aPROPERTY-COMMERCIAL PROPERTY
942 _n0
948 _c30/04/1998
999 _c97085
_d97085